Najczęściej zgadywane Państwa - Statystyki

Ogólne statystyki
  • Ten quiz został rozwiązany 35 razy
  • Średni wynik to 9 z 10
Statystyki odpowiedzi
% Państwo % Poprawnych
96% Polska
100%
96% Rosja
100%
95% Niemcy
97%
95% Stany Zjednoczone
94%
94% Francja
91%
93% Hiszpania
88%
92% Chiny
85%
92% Kanada
85%
93% Ukraina
85%
92% Czechy
76%
Nie znaleziono quizów pasujących do podanych kryteriów
Rozkład punktacji
Procent ludzi z każdym wynikiem
Percentyl według liczby udzielonych odpowiedzi
Twoja historia wyników
Nie rozwiązałeś tego quizu